00297nam a2200121Ia 4500008004100000100001700041245003100058260003200089300000800121650002200129942000700151999001700158190216s9999||||xx |||||||||||||| ||und|| aMuhammed K T 0aManushyan Karagrihathilanu bPoorna Pubs Kozhikodec1956 a77p aMalayalam Nadakam cBK c23574d23574